| 000 | 00479nam a22001457a 4500 | ||
|---|---|---|---|
| 005 | 20180305103811.0 | ||
| 008 | 170315b xxu||||| |||| 00| 0 eng d | ||
| 040 | _cPK-LaUMT | ||
| 082 |
_aZIAC 297.071 _bDIN- |
||
| 100 | _aمحمود احمد غازی | ||
| 245 |
_aدینی مدارس کا نظام تعلیم/ _cمحمود احمد غازی |
||
| 260 |
_aاسلام آباد: _b انسٹی ٹیوٹ آف پالیسی اسٹڈیز, _c1987 |
||
| 300 | _a269 ص | ||
| 942 | _cBK | ||
| 999 |
_c91754 _d91754 |
||